000 00685nam a2200229 a 4500
001 BRCA_7747
005 20190320205956.0
008 120913s1955----sz-a######---#000-0#fre-#
041 _afre
044 _asz
050 4 _aNK4305
_b.R49 1955
100 1 _aReynaud, Henry J.
_919171
245 1 0 _aFaïences anciennes de Provence
_bMarseille & Moustiers
_cHenry J. Reynaud.
260 _aSuiza
_bPayot Laussane
_c1955
300 _a9 p.
_bil. a color, 29 láminas
_c19 cm.
440 0 _aOrbis pictus
_v17
_919172
500 _aU100
650 1 4 _aCerámica
_vVajillas
_zProvenza, Francia
_919173
650 1 4 _aPorcelana
_vObjetos de arte
_zFrancia
_919174
902 _aGFM
942 _2lcc
_cB
999 _c7421
_d7421